[Event "TCh-SWE Elitserien 2010-11"]
[Site "Sweden SWE"]
[Date "2010.12.04"]
[Round "5"]
[White "Akesson,R"]
[Black "Lindberg,Be"]
[Result "1-0"]
[WhiteElo "2440"]
[BlackElo "2412"]

1.Nf3 Nf6 2.c4 c5 3.Nc3 e6 4.g3 b6 5.Bg2 Bb7 6.O-O Be7 7.b3 O-O 8.Bb2 a6
9.e3 d6 10.d4 Qc7 11.Rc1 cxd4 12.exd4 Nbd7 13.Re1 Rfe8 14.d5 e5 15.Nd2 Bf8
16.b4 g6 17.Nce4 a5 18.c5 bxc5 19.bxc5 dxc5 20.Nxf6+ Nxf6 21.Nc4 Nd7 22.d6 Qc8
23.Bxb7 Qxb7 24.Bxe5 Nxe5 25.Nxe5 Re6 26.Nc4 Rf6 27.Rb1 Qc6 28.Rb6 Qd7 29.Qd5 Re8
30.Rxe8 Qxe8 31.Ne5 Rf5 32.d7 Qd8 33.Rb7 Kg7 34.g4 Rg5 35.h4 Rxe5 36.Qxe5+ Kg8
37.Qb8 Qxh4 38.d8=Q Qxg4+ 39.Qg3  1-0

[Event "TCh-BEL 2010-11"]
[Site "Belgium BEL"]
[Date "2010.12.05"]
[Round "5.2"]
[White "Sielecki,C"]
[Black "Brunner,N"]
[Result "1/2-1/2"]
[WhiteElo "2397"]
[BlackElo "2462"]

1.Nf3 c5 2.c4 Nf6 3.Nc3 e6 4.g3 b6 5.Bg2 Bb7 6.O-O Be7 7.b3 O-O 8.Bb2 a6
9.d4 cxd4 10.Nxd4 Bxg2 11.Kxg2 Qc7 12.e3 Nc6 13.Nxc6 dxc6 14.Qf3 Rfd8 15.Rfd1 Rac8
16.Rxd8+ Rxd8 17.Rd1 Rd7 18.Rxd7 Qxd7 19.Ne2 Ne8 20.Nf4 Bf6  1/2-1/2

[Event "TCh-CZE 2010-11"]
[Site "Czech Rep CZE"]
[Date "2010.12.05"]
[Round "4.1"]
[White "Wojtaszek,R"]
[Black "Mista,A"]
[Result "1/2-1/2"]
[WhiteElo "2726"]
[BlackElo "2565"]

1.c4 c5 2.Nf3 Nf6 3.Nc3 e6 4.d4 cxd4 5.Nxd4 Bb4 6.g3 O-O 7.Bg2 d5 8.cxd5 Nxd5
9.Qb3 Nc6 10.Nxc6 bxc6 11.O-O Rb8 12.a3 Nxc3 13.bxc3 Bd6 14.Qa4 Qc7 15.Qxc6 Qxc6
16.Bxc6 Rb3 17.Rd1 Be5 18.Be3 Rxc3 19.Rac1 Rxc1 20.Bxc1 a5 21.Be3 Ba6 22.Rd7 Bxe2
23.Bd2 Rb8 24.Kg2 g5 25.Bxg5 Rc8 26.Be4 f5 27.Bd3 Bxd3 28.Rxd3 Rc3 29.Rxc3  1/2-1/2

[Event "TCh-CZE 2010-11"]
[Site "Czech Rep CZE"]
[Date "2010.12.05"]
[Round "4.4"]
[White "Studnicka,Toma"]
[Black "Bures,J"]
[Result "1/2-1/2"]
[WhiteElo "2348"]
[BlackElo "2373"]

1.c4 Nf6 2.Nc3 c5 3.Nf3 b6 4.e4 d6 5.d4 cxd4 6.Nxd4 Bb7 7.f3 e6 8.Be2 Be7
9.O-O O-O 10.Be3 a6 11.Qd2 Nbd7 12.Rfd1 Rc8 13.b3 Qc7 14.a4 Rfe8 15.Rdc1 Qb8
16.a5 bxa5 17.Rxa5 d5 18.cxd5 Bb4 19.Ra4 Bxc3 20.Rxc3 Rxc3 21.Qxc3 exd5 22.Bxa6 Bxa6
23.Rxa6 dxe4 24.Ra5 exf3 25.Nxf3 Ng4 26.Bd4 Rc8 27.Qa1 Qf4 28.Ra8 Nb8 29.Qe1 h6
30.Ra1 Nxh2 31.Qe5 Nxf3+ 32.gxf3  1/2-1/2

[Event "TCh-CZE 2010-11"]
[Site "Czech Rep CZE"]
[Date "2010.12.05"]
[Round "4.2"]
[White "Konopka,M"]
[Black "Simacek,P"]
[Result "1/2-1/2"]
[WhiteElo "2454"]
[BlackElo "2469"]

1.Nf3 c5 2.c4 Nf6 3.Nc3 d5 4.cxd5 Nxd5 5.d4 e6 6.e4 Nxc3 7.bxc3 cxd4 8.cxd4 Bb4+
9.Bd2 Bxd2+ 10.Qxd2 O-O 11.Bc4 Nc6 12.O-O b6 13.Rad1 Bb7 14.Rfe1  1/2-1/2

[Event "WCh Women"]
[Site "Antakya TUR"]
[Date "2010.12.08"]
[Round "2.2"]
[White "Harika,D"]
[Black "Shadrina,T"]
[Result "1-0"]
[WhiteElo "2525"]
[BlackElo "2384"]

1.Nf3 Nf6 2.c4 e6 3.Nc3 c5 4.g3 Be7 5.Bg2 O-O 6.O-O a6 7.e4 d6 8.d4 cxd4
9.Nxd4 Qc7 10.b3 Nc6 11.Bb2 Bd7 12.Bc1 Bc8 13.Bb2 Bd7 14.Rc1 Qa5 15.Qd2 Rac8
16.Rfd1 Qh5 17.Qe2 Qg6 18.Nxc6 Bxc6 19.Ba3 Rfd8 20.e5 Nh5 21.Bxc6 Rxc6 22.Ne4 Nf4
23.Qe3 Nh3+ 24.Kg2 Bg5 25.Nxg5 Nxg5 26.Bxd6 f6 27.Bb4 Rcc8 28.h4 Ne4 29.exf6 gxf6
30.Be7 Re8 31.Rd7 f5 32.Rcd1 e5 33.Ba3 b5 34.Qd3 bxc4 35.bxc4 Kh8 36.Bd6 Qe6
37.Qd5 Qxd5 38.cxd5 Rc2 39.Rb1 Nf6 40.Rf7 Rxf2+ 41.Kxf2 Ne4+ 42.Kg2 Nxd6
43.Rd7 Nb5 44.a4 Nc3 45.Rbb7 e4 46.d6 e3 47.Rxh7+  1-0

[Event "Bansko Grand Chess Open"]
[Site "Bansko BUL"]
[Date "2010.12.13"]
[Round "1.13"]
[White "Arnaudov,G"]
[Black "Charpidou,A"]
[Result "1-0"]
[WhiteElo "2468"]
[BlackElo "1686"]

1.Nf3 Nf6 2.c4 c5 3.Nc3 d5 4.cxd5 Nxd5 5.Qc2 Nc6 6.e3 Ndb4 7.Qb1 g6 8.a3 Nd5
9.Bb5 Bg7 10.Qe4 Be6 11.Ne5 Rc8 12.Nxc6 bxc6 13.Ba6 Rb8 14.O-O O-O 15.Be2 c4
16.Bxc4 Nf6 17.Qd3 Qxd3 18.Bxd3 Bb3 19.Be2 Rfd8 20.d4 c5 21.dxc5 Nd5 22.Nb5 Rbc8
23.e4 a6 24.Na7 Rc7 25.exd5 Rxa7 26.Be3 Bxd5 27.Rad1 Rad7 28.b4 Bb2 29.Bc1 Bxc1
30.Rxc1 Ra8 31.Rfd1 Bc6 32.Rxd7 Bxd7 33.Bf3 Ra7 34.c6 Rc7 35.a4 g5 36.b5 axb5
37.axb5 g4 38.b6  1-0

[Event "48th ch-IND"]
[Site "New Delhi IND"]
[Date "2010.12.13"]
[Round "5"]
[White "Suvrajit,S"]
[Black "Padmini,R"]
[Result "1/2-1/2"]
[WhiteElo "2392"]
[BlackElo "2352"]

1.Nf3 Nf6 2.c4 c5 3.Nc3 d5 4.cxd5 Nxd5 5.d4 Nxc3 6.bxc3 g6 7.Bf4 Qa5 8.Qd2 Bg7
9.e3 O-O 10.Rb1 a6 11.Bd3 Nc6 12.Be4 Rd8 13.Rb2 e5 14.Bxc6 exf4 15.Bxb7 cxd4
16.cxd4 Qxd2+ 17.Kxd2 Rb8 18.Rhb1 fxe3+ 19.fxe3 Bf5 20.Rc1 Be4 21.Rc7 Bf8
22.Rb6 f6 23.Ke2 a5 24.g3 Kh8 25.Nd2 Bd5 26.Nc4 Bxc4+ 27.Rxc4 f5 28.Rb5 Rd7
29.Bc6 Rxb5 30.Bxb5 Rb7 31.a4 Kg7 32.Kd3 Kf7 33.Rc8 Bd6 34.e4 fxe4+ 35.Kxe4 Re7+
36.Kd5 Bb4 37.Rc2 h5 38.Rf2+ Kg7 39.Kc6 Re6+ 40.Kc7 Rd6 41.Rf4 g5 42.Re4 Kf6
43.Bd7 Ba3 44.Re3 Bb4 45.Rd3 Ke7 46.Bc8 Rd5 47.Re3+ Kf6 48.Rd3 Ke7 49.Bb7 Rd7+
50.Kc6 Rd6+ 51.Kb5 Rf6 52.d5 Rf2 53.h3 Re2 54.Bc8 Rc2 55.Be6 Rc3 56.Rxc3 Bxc3
57.Kc6 h4 58.gxh4 gxh4 59.Bg4 Bb4  1/2-1/2

[Event "Bansko Grand Chess Open"]
[Site "Bansko BUL"]
[Date "2010.12.14"]
[Round "2.28"]
[White "Angelov,Z"]
[Black "Grapsa,G"]
[Result "1/2-1/2"]
[WhiteElo "2126"]
[BlackElo "2060"]

1.c4 Nf6 2.Nc3 c5 3.Nf3 g6 4.d4 cxd4 5.Nxd4 Bg7 6.Nc2 O-O 7.g3 d6 8.Bg2 Nc6
9.O-O Be6 10.Ne3 a5 11.Rb1 Nd7 12.Ncd5 Nc5 13.b3 Bd7 14.Bb2 e5 15.Nc3 Nd4
16.Nc2 Bf5 17.e4 Bg4 18.f3 Nxc2 19.Qxc2 Bd7 20.Rbd1 Be6 21.Ba3 Qc7 22.Qf2 b6
23.Nd5 Bxd5 24.Rxd5 a4 25.Bb4 axb3 26.axb3 Rfd8 27.Rfd1 Nxb3 28.Bxd6 Qxc4
29.Bf1 Qa4 30.Bb5 Qa2 31.Qxa2 Rxa2 32.Bc4 Rb2 33.Ba3 Rxd5 34.Bxd5 Ra2 35.Bd6 Rb2
36.Rd3 Nd4 37.Ra3 h5 38.f4 exf4 39.gxf4 Ne6 40.Ra8+ Kh7 41.Ra7 Nd4 42.Rxf7 Nf3+
43.Kf1 Nxh2+ 44.Ke1 Nf3+ 45.Kd1 Kh6 46.f5 Rd2+ 47.Kc1 Bb2+ 48.Kb1 Ne5 49.Rf6 h4
50.Re6 h3 51.Re8 h2 52.Rh8+ Kg5 53.Rb8 Kf6 54.Rf8+ Kg7 55.Rg8+ Kf6 56.Rf8+ Kg5
57.Be7+ Kg4 58.Rh8 Bd4 59.Be6 gxf5 60.exf5 Rd1+ 61.Kc2 h1=Q 62.Rxh1 Rxh1
63.f6+ Kg3 64.f7 Nxf7 65.Bxf7 Rh7 66.Bd6+ Kf2 67.Bc4 Rd7 68.Bf8 Bg7 69.Bb4 Ke3
70.Kb3 Rd1 71.Kc2 Rd4 72.Kb3 Rd1  1/2-1/2

[Event "Bansko Grand Chess Open"]
[Site "Bansko BUL"]
[Date "2010.12.16"]
[Round "5.22"]
[White "Collas,D"]
[Black "Ljangov,P"]
[Result "1/2-1/2"]
[WhiteElo "2420"]
[BlackElo "2090"]

1.c4 Nf6 2.Nc3 e6 3.Nf3 c5 4.g3 b6 5.Bg2 Bb7 6.O-O Be7 7.b3 O-O 8.Bb2 d6
9.e3 Nbd7 10.d4 a6 11.d5 exd5 12.Nh4 g6 13.cxd5 b5 14.a3 Nb6 15.e4 Nfd7 16.Nf3 Bf6
17.Qd2 Re8 18.Rfe1 Ne5 19.Nxe5 Bxe5 20.f4 Bg7 21.Nd1 Bxb2 22.Nxb2 Nd7 23.Nd1 Qf6
24.Nf2 Qd8 25.Rac1 Rb8 26.h4 Nf6 27.g4 h5 28.g5 Nd7 29.Qc3 a5 30.Qg3 b4 31.a4 Nb6
32.Red1 c4 33.bxc4 Nxa4 34.c5 Nxc5 35.e5 a4 36.Rxc5 dxc5 37.Ne4 c4 38.f5 Bc8
39.Nf6+ Kf8 40.e6 Qb6+ 41.Kh2 Rd8 42.Qe5 Qd6 43.e7+ Qxe7 44.Nh7+ Ke8 45.Nf6+ Kf8  1/2-1/2

[Event "Bansko Grand Chess Open"]
[Site "Bansko BUL"]
[Date "2010.12.16"]
[Round "5.17"]
[White "Tomov,G"]
[Black "Strelnikov,S"]
[Result "0-1"]
[WhiteElo "2286"]
[BlackElo "2419"]

1.Nf3 Nf6 2.c4 c5 3.Nc3 b6 4.g3 Bb7 5.Bg2 e6 6.O-O Be7 7.d4 cxd4 8.Qxd4 d6
9.Bg5 a6 10.Bxf6 Bxf6 11.Qf4 O-O 12.Rfd1 Be7 13.Ne4 Bxe4 14.Qxe4 Ra7 15.Rac1 Rc7
16.Qe3 Nd7 17.Nd4 Nb8 18.b3 Qc8 19.a4 Re8 20.Qd2 Nd7 21.Qb2 Bg5 22.e3 Bf6
23.Qb1 Nc5 24.Rc2 Rd8 25.Qa2 Nd7 26.Rcd2 Be7 27.f4 Nf6 28.Nc2 d5 29.a5 bxa5
30.Qxa5 dxc4 31.Rxd8+ Bxd8 32.Qxa6 cxb3 33.Bb7 bxc2  0-1

[Event "48th ch-IND"]
[Site "New Delhi IND"]
[Date "2010.12.18"]
[Round "9"]
[White "Laxman,R"]
[Black "Shyam,N"]
[Result "1-0"]
[WhiteElo "2479"]
[BlackElo "2373"]

1.Nf3 Nf6 2.c4 g6 3.Nc3 c5 4.e3 Bg7 5.d4 O-O 6.d5 d6 7.h3 e6 8.Bd3 a6 9.dxe6 fxe6
10.O-O Nc6 11.Qe2 Qc7 12.Bd2 Bd7 13.Rac1 Rad8 14.b3 Qb8 15.Ne4 Ne8 16.h4 Ne7
17.h5 e5 18.hxg6 hxg6 19.Nfg5 Nf6 20.f3 b6 21.g4 Nxe4 22.Nxe4 Kf7 23.f4 Ke8
24.Ng5 Bh6 25.Ne4 Bg7 26.Bc3 Bc6 27.Ng3 Qc8 28.f5 gxf5 29.Nxf5 Nxf5 30.Bxf5 Bd7
31.e4 Be6 32.Bd2 Kd7 33.g5 Rde8 34.Qg4 Kd8 35.Rce1 Qd7 36.Kg2 Kc7 37.Bxe6 Rxe6
38.Rxf8 Bxf8 39.Rf1 Re8 40.Kg3 Be7 41.Rf7 Qxg4+ 42.Kxg4 Kd7 43.g6 Ke6 44.Bg5 Bxg5
45.Kxg5 Rh8 46.Rh7 Rg8 47.Rb7  1-0

[Event "European Rapid Championship"]
[Site "Warsaw POL"]
[Date "2010.12.18"]
[Round "4"]
[White "Swiercz,D"]
[Black "Jaroch,P"]
[Result "1-0"]
[WhiteElo "2522"]
[BlackElo "2252"]

1.Nf3 Nf6 2.c4 c5 3.Nc3 e6 4.d4 d5 5.cxd5 exd5 6.Bg5 Be6 7.e3 Nc6 8.Be2 Be7
9.O-O O-O 10.dxc5 Bxc5 11.Rc1 Be7 12.Nd4 Rc8 13.Nxe6 fxe6 14.Qb3 Qe8 15.Qxb7 Rb8
16.Qc7 Rc8 17.Qg3 Qg6 18.Bf4 Qxg3 19.Bxg3 Nd8 20.Nxd5  1-0

[Event "European Rapid Championship"]
[Site "Warsaw POL"]
[Date "2010.12.18"]
[Round "4"]
[White "Gritsak,O"]
[Black "Maciaga,M"]
[Result "1-0"]
[WhiteElo "2539"]
[BlackElo "2235"]

1.Nf3 c5 2.c4 Nf6 3.Nc3 e6 4.e4 d6 5.d4 cxd4 6.Nxd4 Be7 7.g3 a6 8.Bg2 Qc7
9.b3 Nc6 10.O-O O-O 11.Bb2 Bd7 12.Rc1 Rac8 13.Nd5 exd5 14.cxd5 Qa5 15.dxc6 bxc6
16.Bc3 Qb6 17.Qd2 Rfe8 18.Rfe1 c5 19.Nf5 Bxf5 20.exf5 Bf8 21.Bxf6 gxf6 22.Bd5 Re5
23.Rc4 Qa7 24.Rxe5 dxe5 25.Be4 Qb6 26.Ra4 c4 27.Rxc4 Rxc4 28.bxc4 Bc5 29.Kg2 Bd4
30.Qe2 Kf8 31.Bd5 Qb2 32.Qxb2 Bxb2 33.c5 Bd4 34.c6 Bb6 35.Bc4 a5 36.f3 Ke7
37.Kh3 Ke8 38.Kg4 Kf8 39.Bb3 Bc7 40.Kh5 Kg7 41.Bd5 Bd6 42.Kg4 Kf8 43.h3 Bc7
44.Kh4 Kg7 45.g4 Bb6 46.Kh5 h6 47.h4 Bd8 48.Bxf7 Bc7 49.Bb3 Bd8 50.Bd5 Bc7
51.g5 hxg5 52.hxg5 fxg5 53.Kxg5 Bd8+ 54.f6+ Kf8 55.Kf5 Bc7 56.Ke6 Ke8 57.f7+ Kf8
58.Kd7  1-0

[Event "17th Open A"]
[Site "Zadar CRO"]
[Date "2010.12.18"]
[Round "9.8"]
[White "Jakovljevic,Vlado"]
[Black "Zelcic,R"]
[Result "0-1"]
[WhiteElo "2386"]
[BlackElo "2539"]

1.Nf3 Nf6 2.c4 e6 3.Nc3 c5 4.d4 cxd4 5.Nxd4 Bb4 6.Bd2 O-O 7.a3 Bxc3 8.Bxc3 d5
9.e3 Ne4 10.Rc1 e5 11.Nf3 Nxc3 12.Rxc3 d4 13.exd4 e4 14.Nd2 Qxd4 15.Be2 Nc6
16.Nb3 Qf6 17.O-O Re8 18.Bg4 Ne5 19.Bxc8 Raxc8 20.Qd4 Qa6 21.Nc5 Qc6 22.b4 b6
23.Nb3 Nxc4 24.Rd1 g6 25.h3 Qe6 26.Nc5 bxc5 27.Qxc4 Qxc4 28.Rxc4 cxb4 29.Rxc8 Rxc8
30.axb4 Rc7 31.g4 Kg7 32.Rd6 Kh6 33.Rd4 f5 34.gxf5 gxf5 35.Kg2 Kg5 36.Rd6 Rc2
37.Re6 Kf4 38.Re7 a6 39.Re8 Rb2 40.Re7 h5 41.Re6 h4 42.Rh6 e3 43.Rxh4+ Kg5
44.Rh8 Rxf2+ 45.Kg1 Ra2  0-1

[Event "European Rapid Championship"]
[Site "Warsaw POL"]
[Date "2010.12.19"]
[Round "11"]
[White "Castiglione,M"]
[Black "Sakalauskas,V"]
[Result "0-1"]
[WhiteElo "2288"]
[BlackElo "2405"]

1.Nf3 Nf6 2.c4 c5 3.Nc3 d5 4.cxd5 Nxd5 5.e4 Nb4 6.Bc4 Nd3+ 7.Ke2 Nf4+ 8.Kf1 Ne6
9.b4 cxb4 10.Ne2 Nc5 11.Ng3 e6 12.d4 Ncd7 13.Bb2 Nb6 14.Bd3 Be7 15.h4 O-O
16.Qe2 f6 17.Nh5 Rf7 18.Rh3 N8d7 19.g4 Nf8 20.Rg3 Ng6 21.Rd1 Bd7 22.e5 Nd5
23.exf6 gxf6 24.Bxg6 hxg6 25.Qe4 gxh5 26.gxh5+ Kf8 27.Qg6 Bd6 28.Ne5 fxe5
29.dxe5 Bb5+ 30.Kg1 Bc5 31.Qg8+ Ke7 32.Qg5+ Kd7 33.Rxd5+ exd5 34.e6+ Kxe6
35.Qe5+ Kd7 36.Qxd5+ Bd6 37.Qxf7+ Qe7 38.Qf5+ Kc6 39.Rg7 Qe1+ 40.Kg2 Bf1+  0-1

[Event "European Rapid Championship"]
[Site "Warsaw POL"]
[Date "2010.12.19"]
[Round "12"]
[White "Fridman,D"]
[Black "Zhigalko,A"]
[Result "1-0"]
[WhiteElo "2645"]
[BlackElo "2570"]

1.c4 c5 2.Nf3 Nf6 3.Nc3 e6 4.g3 b6 5.Bg2 Bb7 6.O-O Be7 7.Re1 d5 8.cxd5 Nxd5
9.e4 Nb4 10.d4 cxd4 11.Nxd4 N8c6 12.Nxc6 Qxd1 13.Rxd1 Bxc6 14.Bf4 g5 15.Bd6 Rd8
16.e5 Bxg2 17.Kxg2 Bxd6 18.exd6 f5 19.Rac1 Kd7 20.Nb5 Nd5 21.Rc7+ Ke8 22.Rxa7 Rd7
23.Ra8+ Rd8 24.Ra4 Kf7 25.Ra7+ Kf6 26.Rc1 Ra8 27.Rxa8 Rxa8 28.a3 Rd8 29.Rc6 Ke5
30.Kf3 h5 31.Ke2 h4 32.Kd3 h3 33.Rc2 Nf6 34.Re2+ Kd5 35.Nc7+ Kc6 36.Nxe6 Rxd6+
37.Nd4+ Kd7 38.f3 f4 39.g4 Rd5 40.b4 b5 41.Rc2 Rd6 42.Rc5 Nd5 43.Nxb5 Nxb4+
44.Kc4 Rd2 45.axb4 Rxh2 46.Rxg5 Rh1 47.Rh5 h2 48.Nc3  1-0

[Event "Amitan Memorial"]
[Site "Donetsk UKR"]
[Date "2010.12.22"]
[Round "3"]
[White "Savchenko,S"]
[Black "Soltanici,R"]
[Result "1/2-1/2"]
[WhiteElo "2539"]
[BlackElo "2415"]

1.Nf3 c5 2.c4 Nf6 3.Nc3 e6 4.g3 b6 5.Bg2 Bb7 6.O-O Be7 7.d4 cxd4 8.Qxd4 d6
9.Bg5 a6 10.Bxf6 Bxf6 11.Qf4 Ra7 12.Rfd1 Be7 13.Ne4 Bxe4 14.Qxe4 O-O 15.Nd4 Qc7
16.b3 Qc5 17.a4 Rc7 18.Ra2 Qb4 19.Rad2 Rfc8 20.Qb1  1/2-1/2

[Event "Surfers Paradise Open"]
[Site "Gold Coast AUS"]
[Date "2010.12.27"]
[Round "3"]
[White "Xie,G"]
[Black "Nakauchi,G"]
[Result "1/2-1/2"]
[WhiteElo "2478"]
[BlackElo "2128"]

1.Nf3 c5 2.c4 Nf6 3.Nc3 e6 4.a3 d5 5.cxd5 exd5 6.d4 cxd4 7.Nxd4 Be7 8.Bf4 O-O
9.e3 Nc6 10.Bb5 Bd7 11.O-O Rc8 12.Rc1 a6 13.Bd3 Nxd4 14.exd4 Qb6 15.Qd2 Rfe8
16.Be5 g6 17.Bb1 Bb5 18.Bxf6 Bxf6 19.Nxd5 Rxc1 20.Rxc1 Qxd4 21.Nxf6+ Qxf6
22.Qc3 Qg5 23.Ba2 Bc6 24.g3 Qf5 25.Bc4 Qe4 26.f3 Qf5 27.Bxa6 Bxf3 28.Bd3 Qg5
29.Bf1 Bc6 30.Rd1 Re3 31.Qd2 Qe5 32.Qd8+ Kg7 33.Qd4 Qxd4 34.Rxd4 f5 35.Rb4 Kf6
36.Kf2 Re4 37.Rxe4 Bxe4 38.a4 Ke5 39.Ke3 g5 40.Bd3 f4+ 41.gxf4+ gxf4+ 42.Kd2 Kd4
43.Bxe4 Kxe4 44.Ke2 f3+ 45.Kf2 Kd3 46.a5 Kc4 47.Kxf3 Kb5 48.h4 Kxa5 49.Kg4 Kb4
50.Kg5 Kb3 51.Kh6 Kxb2 52.Kxh7 Ka2 53.h5 b5 54.h6 b4 55.Kg7 b3 56.h7 b2 57.h8=Q b1=Q
58.Qa8+ Kb2 59.Qb7+ Kc2 60.Qxb1+ Kxb1  1/2-1/2

[Event "North American Open"]
[Site "Las Vegas USA"]
[Date "2010.12.28"]
[Round "5"]
[White "Kacheishvili,G"]
[Black "Stocek,J"]
[Result "1/2-1/2"]
[WhiteElo "2575"]
[BlackElo "2567"]

1.Nf3 Nf6 2.c4 c5 3.Nc3 b6 4.d4 cxd4 5.Nxd4 Bb7 6.f3 e6 7.e4 d6 8.Be2 Be7
9.O-O O-O 10.Be3 a6 11.Qd2 Qc7 12.Rfc1 Re8 13.Bf1 Nbd7 14.a4 Rac8 15.a5 Qb8
16.axb6 Nxb6 17.b3 Bd8 18.Qf2 g6 19.Nd1 Bc7 20.g3 Nbd7 21.b4 Bb6 22.Nc2 Bxe3
23.Ndxe3 h5 24.Nd4 Qc7 25.Rab1 Qd8 26.Nb3 Qe7 27.Na5 Ne5 28.Be2 Ba8 29.Rb3 h4
30.c5 dxc5 31.Bxa6 Rb8 32.b5 hxg3 33.hxg3 Qd8 34.Ra1 Qd4 35.Nc2 Qd6 36.Rc3 Bxe4
37.Nc4  1/2-1/2

[Event "19th Donau Open"]
[Site "Aschach AUT"]
[Date "2010.12.29"]
[Round "5"]
[White "Juhasz,Kr"]
[Black "Gantar,J"]
[Result "1-0"]
[WhiteElo "2268"]
[BlackElo "2134"]

1.Nf3 Nf6 2.c4 c5 3.Nc3 e6 4.e3 d5 5.d4 Nc6 6.a3 cxd4 7.exd4 Be7 8.cxd5 exd5
9.h3 O-O 10.Bd3 Re8 11.O-O h6 12.Bf4 a6 13.Re1 Be6 14.Bc2 b5 15.Ne5 Nxe5
16.dxe5 Nh7 17.Qd3 Nf8 18.Rad1 Rc8 19.Be3 b4 20.axb4 Bxb4 21.f4 g6 22.g4 Qh4
23.Bf2 Bc5 24.Bxc5 Rxc5 25.f5 Bc8 26.e6 fxe6 27.fxg6 d4 28.Ne4 Rxc2 29.Qxc2 Nxg6
30.Rf1 Bb7 31.Kh2 Rc8 32.Nf6+ Kg7 33.Qb3 Ba8 34.Rxd4 Ne5 35.Rdf4 Rd8 36.Nh5+ Kh7
37.Qc2+ Rd3 38.Rf7+ Kh8 39.Rf8+ Kh7 40.Qxd3+  1-0

[Event "19th Donau Open"]
[Site "Aschach AUT"]
[Date "2010.12.30"]
[Round "6"]
[White "Horvath,Jo1"]
[Black "Mazi,L"]
[Result "0-1"]
[WhiteElo "2560"]
[BlackElo "2375"]

1.c4 Nf6 2.Nf3 e6 3.Nc3 c5 4.e3 Be7 5.d4 cxd4 6.exd4 d5 7.cxd5 Nxd5 8.Bd3 Nc6
9.O-O O-O 10.Re1 Nf6 11.a3 b6 12.Bg5 Bb7 13.Bc2 Rc8 14.Qd3 g6 15.Rad1 a6
16.Ne5 Nd5 17.Nxg6 fxg6 18.Rxe6 Rf5 19.Bb3 Bxg5 20.Nxd5 Rxd5 21.Qe4 Na5 22.Ba2 Kg7
23.h4 Rd7 24.d5 Bxh4 25.Bb1 Bf6 26.Qg4 Rxd5 27.Rde1 Rg5 28.Qf4 Rc4 29.Qe3 Rxg2+
30.Kf1 Rcg4 31.Ba2 Rg1+  0-1

[Event "Rilton Cup 2010-11"]
[Site "Stockholm SWE"]
[Date "2010.12.31"]
[Round "5"]
[White "Urkedal,F"]
[Black "Berg,E"]
[Result "1/2-1/2"]
[WhiteElo "2438"]
[BlackElo "2627"]

1.Nf3 Nf6 2.c4 e6 3.Nc3 c5 4.g3 b6 5.Bg2 Bb7 6.O-O Be7 7.d4 cxd4 8.Qxd4 O-O
9.Rd1 d6 10.b3 Nbd7 11.e4 a6 12.Ba3 Nc5 13.e5 dxe5 14.Qxe5 Qc8 15.Bb2 Bc6
16.Nd5 Bd8 17.Ne3 Qb7 18.Ng4 Be7 19.Qf4 Nxg4 20.Qxg4 g6 21.h4 f5 22.Qf4 e5
23.Bxe5 Ne6 24.Qe3 f4 25.Bxf4 Nxf4 26.gxf4 Rae8 27.Qe6+ Kh8 28.Ne5 Bxg2 29.Rd7 Qe4
30.Rxe7 Rxe7 31.Qxe7 Qxf4 32.Nd3 Qf3 33.Qe5+ Kg8 34.Qg3 Bh3 35.Qxf3 Rxf3
36.Nb4 a5 37.Nd5 a4 38.bxa4 Bd7 39.Nxb6 Bc6 40.a5 Ra3 41.Nd5 Bxd5 42.cxd5 Rxa5
43.a4 Kf7 44.Kg2 Kf6 45.d6 Ke6 46.Rd1 Kd7 47.Rd4 Rf5 48.Kg3 Rc5 49.Kf4 Rf5+
50.Ke3 Re5+ 51.Kd3 Rf5 52.Ke3 Re5+ 53.Kf4 Rf5+ 54.Kg3 Rc5 55.f3 Ra5 56.Kg4 Rc5
57.Kf4 Rh5 58.Ke3 Re5+ 59.Kd3 Rf5 60.Kc4 Rxf3 61.a5 Ra3 62.Kb5 Rb3+ 63.Ka6 h6
64.Rd5 g5 65.hxg5 hxg5 66.Rb5 Rxb5 67.Kxb5 Kxd6 68.Kc4  1/2-1/2

[Event "Hastings Masters 2010-11"]
[Site "Hastings ENG"]
[Date "2011.01.03"]
[Round "7.23"]
[White "Cafferty,B"]
[Black "Ramondino,R"]
[Result "1/2-1/2"]
[WhiteElo "2133"]
[BlackElo "2257"]

1.c4 c5 2.Nc3 Nf6 3.Nf3 e6 4.g3 b6 5.Bg2 Bb7 6.O-O a6 7.b3 Be7 8.Bb2 O-O
9.e3 Ra7 10.Qe2 d5 11.Rfd1 Nbd7 12.d4 Qa8 13.Ne5 dxc4 14.Bxb7 Qxb7 15.Nxd7 Nxd7
16.bxc4 f5 17.d5 exd5 18.Nxd5 Bd8 19.Rd2 Nf6 20.Bxf6 Bxf6 21.Nxf6+ Rxf6 22.Rd8+ Rf8
23.Rad1 Qe7 24.R8d6 Rb7 25.Qd3 g6 26.Qd5+ Qf7 27.h4 Qxd5 28.R1xd5 Re8 29.h5 Kg7
30.hxg6 hxg6 31.Kg2  1/2-1/2

[Event "23rd Staufer-Open"]
[Site "Leinzell GER"]
[Date "2011.01.05"]
[Round "7"]
[White "Buhmann,R"]
[Black "Gruenter,M"]
[Result "1-0"]
[WhiteElo "2572"]
[BlackElo "2210"]

1.Nf3 Nf6 2.c4 c5 3.Nc3 e6 4.g3 b6 5.Bg2 Bb7 6.O-O Be7 7.d4 cxd4 8.Qxd4 d6
9.Rd1 a6 10.Bg5 Bxf3 11.Bxf3 Ra7 12.Ne4 Rd7 13.Nxf6+ Bxf6 14.Bxf6 gxf6 15.Rd3 Ke7
16.Rb3 Rc7 17.Rxb6 Rxc4 18.Rb7+ Rc7 19.Rc1 Rxb7 20.Bxb7 Re8 21.Bc8  1-0

[Event "Rilton Cup 2010-11"]
[Site "Stockholm SWE"]
[Date "2011.01.05"]
[Round "9"]
[White "Wihlborn,B"]
[Black "Wenzel,B"]
[Result "1-0"]
[WhiteElo "1895"]
[BlackElo "2060"]

1.Nf3 Nf6 2.c4 c5 3.Nc3 e6 4.g3 b6 5.Bg2 Bb7 6.d4 cxd4 7.Qxd4 d6 8.Bg5 a6
9.O-O Be7 10.Rad1 Nbd7 11.Rfe1 Qc7 12.b3 O-O 13.h3 Rfe8 14.e4 Rac8 15.Rc1 Nc5
16.Nh2 Qb8 17.Ng4 Nxg4 18.Bxe7 Rxe7 19.hxg4 Ree8 20.Rcd1 Red8 21.Qe3 Bc6
22.Bf1 Nd7 23.Qd2 Ne5 24.Be2 f6 25.f4 Nf7 26.Bf3 b5 27.cxb5 axb5 28.b4 Kh8
29.Kg2 Qb7 30.Rh1 f5 31.Rde1 g5 32.gxf5 exf5 33.Qd4+ Kg8 34.Qf6 g4 35.Bd1 fxe4
36.Rh5 e3+ 37.Kh2 Re8 38.Bb3 Kf8 39.Rxh7  1-0

[Event "36th Open"]
[Site "Seville ESP"]
[Date "2011.01.08"]
[Round "2"]
[White "Lalic,B"]
[Black "Gaitan Ramirez,A"]
[Result "1-0"]
[WhiteElo "2491"]
[BlackElo "2032"]

1.Nf3 c5 2.c4 e6 3.Nc3 Nf6 4.g3 d5 5.cxd5 exd5 6.d4 Nc6 7.Bg2 Be7 8.O-O O-O
9.Bg5 cxd4 10.Nxd4 h6 11.Bf4 Be6 12.Rc1 Rc8 13.Nxe6 fxe6 14.e4 e5 15.exd5 exf4
16.dxc6 bxc6 17.Qa4 Qb6 18.Qxf4 Qxb2 19.Qc4+ Kh8 20.Ne2 Nd5 21.Rc2 Qe5 22.Qd4 Qxd4
23.Nxd4 Nb4 24.Rc4 c5 25.Ne6 Rf6 26.Nf4 g5 27.a3 gxf4 28.axb4 f3 29.Bh3 Rb8
30.bxc5 Rc6 31.Rc3 Rxc5 32.Rxf3 Kg7 33.Re1 Bf6 34.Bf1 Rb6 35.Re8 Rc1 36.Kg2 a5
37.Ra8 Rc5 38.Ra7+ Kg8 39.Rf4 Bc3 40.Bc4+ Rxc4 41.Rxc4  1-0

[Event "TCh-BEL 2010-11"]
[Site "Belgium BEL"]
[Date "2011.01.09"]
[Round "6.6"]
[White "Wantola,I"]
[Black "Vedder,R"]
[Result "1-0"]
[WhiteElo "2301"]
[BlackElo "2242"]

1.Nf3 Nf6 2.c4 e6 3.Nc3 c5 4.g3 b6 5.Bg2 Bb7 6.O-O d6 7.Re1 Nbd7 8.e4 a6
9.d4 cxd4 10.Nxd4 Qc7 11.Be3 Be7 12.Rc1 Rc8 13.f4 O-O 14.f5 e5 15.Nb3 Qb8
16.Nd2 b5 17.b3 b4 18.Nd5 Bxd5 19.exd5 Bd8 20.g4 h6 21.h4 Nh7 22.Bf2 Bb6
23.Ne4 Bxf2+ 24.Kxf2 Qb6+ 25.Kg3 f6 26.Qd2 Nc5 27.Nf2 a5 28.Rb1 Ra8 29.Rb2 Rfb8
30.Reb1 Ra7 31.Be4 Rab7 32.Bc2 Qa6 33.Qe2 Qb6 34.Qd2 Qc7 35.Kg2 Nd7 36.Qe2 Nb6
37.Ne4 a4 38.Rh1 axb3 39.Bxb3 Nd7 40.g5 Nc5 41.gxh6 Nxe4 42.Qxe4 gxh6 43.Kh2 Kh8
44.Rg2 Rg8 45.Rhg1 Rbb8 46.Rg6 Qa7 47.Qg4 Rxg6 48.fxg6 Rg8 49.c5 f5 50.g7+ Rxg7
51.Qxg7+ Qxg7 52.Rxg7 Kxg7 53.c6  1-0

[Event "9th Parsvnath Open"]
[Site "New Delhi IND"]
[Date "2011.01.10"]
[Round "5.49"]
[White "Hetul,S"]
[Black "Kiran,M"]
[Result "1-0"]
[WhiteElo "1928"]
[BlackElo "2230"]

1.c4 Nf6 2.Nc3 c5 3.Nf3 d5 4.cxd5 Nxd5 5.g3 Nc6 6.Bg2 Nc7 7.d3 e5 8.b3 Be7
9.Bb2 O-O 10.O-O Bd7 11.Rc1 b6 12.Nd2 Rc8 13.Nc4 f6 14.a3 Kh8 15.Na2 Ne6
16.Bc3 Ned4 17.e3 Nb5 18.Qe2 a6 19.Bb2 Re8 20.Rfd1 Be6 21.Qh5 g6 22.Qe2 Bf8
23.h4 Nd6 24.b4 cxb4 25.Nxb4 Nxb4 26.axb4 b5 27.Na5 Qe7 28.h5 Qf7 29.hxg6 hxg6
30.Bf3 Kg7 31.Kg2 Be7 32.Rh1 Bd7 33.Nc6 e4 34.Nxe7 exf3+ 35.Qxf3 Qxe7 36.Rxc8 Bxc8
37.Bxf6+ Qxf6 38.Rh7+ Kxh7 39.Qxf6 Re6 40.Qh4+ Kg7 41.Qd4+ Kf7 42.e4 Bb7
43.f3 Ne8 44.Qc5 Rc6 45.Qd5+ Kg7 46.Qg5 Kf7 47.d4 Nc7 48.d5 Rd6 49.f4 Nxd5
50.exd5 Bxd5+ 51.Kf2  1-0

[Event "10th Praha Open A"]
[Site "Prague CZE"]
[Date "2011.01.11"]
[Round "6"]
[White "Marholev,D"]
[Black "Kislinsky,A"]
[Result "1/2-1/2"]
[WhiteElo "2401"]
[BlackElo "2485"]

1.Nf3 Nf6 2.c4 g6 3.Nc3 c5 4.d4 cxd4 5.Nxd4 Nc6 6.e4 d6 7.Be2 Nxd4 8.Qxd4 Bg7
9.Bg5 O-O 10.Qd2 a5 11.O-O a4 12.Rac1 Be6 13.f3 Qb6+ 14.Be3 Qa5 15.Nd5 Bxd5  1/2-1/2

[Event "TCh-SWE Elitserien 2010-11"]
[Site "Sweden SWE"]
[Date "2011.01.15"]
[Round "6"]
[White "Jansson,B"]
[Black "Couso,L"]
[Result "0-1"]
[WhiteElo "2342"]
[BlackElo "2240"]

1.Nf3 Nf6 2.c4 c5 3.Nc3 e6 4.g3 b6 5.Bg2 Bb7 6.O-O Be7 7.b3 O-O 8.Bb2 a6
9.e3 d6 10.Qe2 Nbd7 11.Rfd1 Re8 12.Rac1 Bf8 13.d4 cxd4 14.exd4 Rc8 15.Qf1 d5
16.Ne5 Rc7 17.cxd5 exd5 18.Re1 Bd6 19.Nxd7 Rxd7 20.Rxe8+ Qxe8 21.Re1 Qd8
22.Qd3 h6 23.a3 Re7 24.Rd1 Re8 25.Bh3 b5 26.b4 Bc8 27.Bf5 Bxf5 28.Qxf5 g6
29.Qf3 Bf8 30.Ne2 Ne4 31.Nf4 Qf6 32.Kg2 Qf5 33.g4 Qd7 34.h3 Bg7 35.Nd3 Ng5
36.Nc5 Qd6 37.Qd3 Ne6 38.Nxe6 Qxe6 39.Bc1 Qc8 40.Bf4 Re4 41.Be3 Qe6 42.Qd2 h5
43.gxh5 Rh4 44.Rh1 Rxh5 45.f3 Bf6 46.Bf2 Kg7 47.Qd3 Bh4 48.Be3 Qd6 49.f4 Rh8
50.Kf3 Re8 51.Rg1 Bd8 52.Rg4 Re4 53.Qc2 Qe6 54.Bf2 Qf5 55.Qc6 Re6  0-1